Quiz MNG - Statistiques

Statistiques générales
  • Ce quiz a été pris 11 fois
  • Le résultat moyen est 10 sur 16
Statistiques - réponses
Personnage Question Réponse % Correct
Personnage 1 Nom qui donne son initiale au duo Marfield
100%
Nom de scène sim01
100%
Citer un artiste/rappeur ayant collaboré avec err walou, tommy moisi, Matilin, petite amie
88%
Personnage 2 Nom qui donne son initiale au duo Gario
88%
Nom de scène Ptite Soeur
88%
Citer un des ses projets (CAPGRAS DESILUSION) (HYPERSIGIL) REDSUN RED႟UN NOUVELLE ÉCONOMIE CUT4ZALGO
75%
Rappeur qui co-signe justement cet EP Gemroz
75%
Beatmaker ayant collaboré sur l’entièreté de ses derniers projets neophron
75%
Citer un des ses autres alias room 1, prxpane (beatmaker) Le Grand Gario
63%
Citer un autre beatmaker ayant collaboré dessus rosaliedu38, esone, reivilose
63%
Nom de son premier projet solo, sorti en juin 2024 01
50%
Projet commun sorti en juillet 2024 KAYFABE CHIMERA
50%
Unique autre rappeur ayant officiellement collaboré avec wasting shit
38%
Citer un single consonne, ATM, A&C
13%
Citer un de ses alias sim02
13%
Duo Citer un single officialisant une collaboration VCCP, REEL antagonist, TRACK
13%
Aucun quiz correspondant
Distribution des résultats
% des personnes avec chaque résultat
Percentile par nombre de réponses
Votre historique - résultats
Vous n’avez pas pris ce quiz